Responses for Show #6971 - Monday, December 29, 2014

Vaughn Winchell game 2.

Contestants

[<< previous game]

Ramona Bartos, a historic preservation administrator from Fuquay-Varina, North Carolina

Thomas Todd, a restaurant manager from Santa Cruz, California

Vaughn Winchell, a stay-at-home dad and graduate student from Columbia, Maryland (whose 1-day cash winnings total $22,500)

[next game >>]

Jeopardy! Round responses

MEET THE DAKOTAS!
SECOND LETTER "Z"
AROUND THE HOUSE
NOVELS BY CHAPTER
CLASSIC GAME SHOWS
LAWFUL IDIOMS
    $200 13
Mountain & Central

Thomas
    $200 11
the Ozarks

Thomas
    $200 26
windows

Vaughn
    $200 1
The Call of the Wild

Thomas
    $200 6
Groucho Marx

Vaughn
    $200 16
jumping bail

Vaughn
    $400 14
the Sioux

Thomas
    $400 12
(Ramona: What is the Thompson?)
...
(Alex: [*]--remember, second letter in the correct response must be a "Z". Vaughn, back to you.)

an Uzi

VaughnRamona
    $400 27
(Ramona: What is energy efficiency?)
[The end-of-round signal sounds.]

weather-stripping

Ramona
Triple Stumper
    $400 2
(Vaughn: What is Lord of the Rings?)
(Alex: Be more specific.)
(Vaughn: Trilogy?)
(Alex: No.)
...
(Thomas: Oh, sorry.)

The Fellowship of the Ring

VaughnThomas
Triple Stumper
    $400 7
Password

Thomas
    $400 18
cook

Thomas
    $600 15
the Missouri

Ramona
    $600 17
an azelea

Vaughn
    $600 3
The Hunchback of Notre Dame

Vaughn
    $600 8
Concentration

Vaughn
    $600 21
a brush

Vaughn
    $800 24
Wounded Knee

Vaughn
    $800 19
AZT

Vaughn
    $1,000 4
(Vaughn: I haven't a clue.)

Twilight

Vaughn
    $800 9
Tic Tac Dough

Vaughn
    $800 22
a slap on the wrist

Vaughn
    $1000 25
(Ramona: What is Gethsemane?)

Mount Moriah

Ramona
Triple Stumper
    $1000 20
(Vaughn: Sorry.)

Ezekiel

VaughnRamona
    $1000 5
(Vaughn: What is Great Expectations?)

David Copperfield

Vaughn
Triple Stumper
    $1000 10
To Tell the Truth

Vaughn
    $1000 23
(Vaughn: What is standing?)
...
(Alex: With less than a minute now.)

legs to stand on

VaughnThomas

Scores at the first commercial break (after clue 15):

Vaughn Thomas Ramona
$1,200 $1,000 $200

Scores at the end of the Jeopardy! Round:

Vaughn Thomas Ramona
$3,200 $2,400 -$200

Double Jeopardy! Round responses

THE NATURE OF THINGS
ART & HISTORY
HAVE A "COW"
WORST PICTURE OF THE YEAR RAZZIE AWARDS
THE BRIT ON THE BANKNOTE
ON THE LONGEST EASTERN BORDER
    $400 11
bluegrass

Thomas
    $400 5
Babylon

Thomas
    $400 19
cowboys

Thomas
    $400 6
John Travolta

Thomas
    $400 1
Isaac Newton

Thomas
    $400 15
Argentina

Vaughn
    $800 12
a mantis

Thomas
    $800 25
Mexico City

Ramona
    $800 20
cowabunga

Thomas
    $800 7
Catwoman

Thomas
    $800 2
Adam Smith

Vaughn
    $800 16
Russia

Ramona
    $1200 13
daisies

Vaughn
    $1200 26
Daniel Boone

Vaughn
    $1200 21
a cowlick

Thomas
    $1200 8
Showgirls

Thomas
    $1200 3
(Christopher) Wren

Vaughn
    $1200 17
Libya

Thomas
    $1600 18
Venezuela

Vaughn
    $1600 28
(Alex: Less than a minute now.)

Nelson

Ramona
    $1600 22
(Thomas: What is mad cow disease?)

cowpox

VaughnThomas
    $1600 9
Lindsay Lohan

Thomas
    $1,400 4
(Vaughn: Who is... Charlotte Brontë?)
(Alex: No, you picked the wrong family.)

Jane Austen

Vaughn
    $1600 27
(Thomas: What is Laos?)

Vietnam

ThomasRamona
    $2000 30
(Thomas: What is asphalt?)

aggregate

ThomasRamona
    $4,000 29
(John) Brown

Ramona
    $2000 24
a cowslip

Vaughn
    $2000 10
(Alex: And, Thomas, I have a feeling that you saw most of those films.)

Gigli

Triple Stumper
    $2000 14
(Edward) Elgar

Ramona
    $2000 23
Nicaragua

Thomas

Scores at the end of the Double Jeopardy! Round:

Vaughn Thomas Ramona
$11,800 $8,800 $12,600

[wagering suggestions for these scores]

Final Jeopardy! Round responses

BOOK DEDICATIONS
ThomasWho is Stowe
$4,000
VaughnWho was Stowe
$5,801
RamonaWho is Dix
$12,497
Harriet Beecher Stowe

Final scores:

Vaughn Thomas Ramona
$17,601 $12,800 $103
2-day champion: $40,101 2nd place: $2,000 3rd place: $1,000

Game dynamics:

Coryat scores:

Vaughn Thomas Ramona
$14,200 $8,800 $10,600
21 R,
6 W
(including 2 DDs)
20 R,
4 W
9 R
(including 1 DD),
3 W

Combined Coryat: $33,600

[game clues] [game scores] [suggest correction]

Game tape date: 2014-11-12
The J! Archive is created by fans, for fans. Scraping, republication, monetization, and malicious use prohibited; this site may use cookies and collect identifying information. See terms. The Jeopardy! game show and all elements thereof, including but not limited to copyright and trademark thereto, are the property of Jeopardy Productions, Inc. and are protected under law. This website is not affiliated with, sponsored by, or operated by Jeopardy Productions, Inc. Join the discussion at JBoard.tv.